header

Advances in diagnostic and therapeutic ultrasound imaging (Record no. 165038)

MARC details
000 -LEADER
fixed length control field 01472nam a2200373 a 4500
082 04 - DEWEY DECIMAL CLASSIFICATION NUMBER
Classification number 616.07/543
245 00 - TITLE STATEMENT
Title Advances in diagnostic and therapeutic ultrasound imaging
260 ## - PUBLICATION, DISTRIBUTION, ETC. (IMPRINT)
Place of publication Boston ;
-- London :
Name of publisher Artech House,
Year of publication c2008.
300 ## - PHYSICAL DESCRIPTION
Number of Pages xvi, 431 p. :
Other physical details ill.
490 1# - SERIES STATEMENT
Series statement Artech House bioinformatics & biomedical imaging series
650 #0 - SUBJECT ADDED ENTRY--TOPICAL TERM
Topical Term Ultrasonic imaging.
Topical Term Diagnostic ultrasonic imaging.
Topical Term Ultrasonic waves
700 1# - ADDED ENTRY--PERSONAL NAME
Personal name Suri, Jasjit S.
856 40 - ELECTRONIC LOCATION AND ACCESS
Uniform Resource Identifier http://site.ebrary.com/lib/rucke/Doc?id=10312906

No items available.

© 2026 Rongo University
Contact us: librarian | system librarian | Rongo university